00447nam a22001097a 4500008004100000082001600041100003700057245016600094260005500260300000900315440001300324230621b xxu||||| |||| 00| 0 eng d a328.42bVAC cVacher's Parliamentary Companion aVacher's Parliamentary CompanionbA reference book for parliament Departments of State Senior Civil Servants and Public OfficescCorrected QuarterlyhNumber 1070 aLondonbVacher's Parliamentary Companioncmay 1993 a376p nNo. 1070